[Event "Calgary Alberta op"]
[Site "Calgary"]
[Date "2012.10.06"]
[Round "2.11"]
[White "McKim, Chris"]
[Black "Newton, Geoff"]
[Result "1-0"]
[WhiteElo "1488"]
[BlackElo "2050"]
[PlyCount "76"]
[EventDate "2012.10.06"]
[EventType "swiss"]
[EventRounds "5"]
[EventCountry "CAN"]
[SourceTitle "EXT 2022"]
[Source "ChessBase"]
[SourceDate "2021.10.06"]
[SourceVersion "1"]
[SourceVersionDate "2021.10.06"]
[SourceQuality "1"]

1. b4 d5 2. Bb2 c6 3. e3 Qb6 4. Bc3 Nf6 5. d3 Bf5 6. Nf3 Nbd7 7. Nbd2 e6 8. a3 Bd6 9. Nb3 e5 10. Be2 0-0 11. h3 Rac8 12. Rb1 Qc7 13. d4 e4 14. Nh4 Be6 15. g4 g6 16. Kd2 b6 17. g5 Ne8 18. Bg4 c5 19. dxc5 bxc5 20. bxc5 Nxc5 21. Bd4 Qe7 22. f4 exf3 23. Nxc5 Bxc5 24. Nxf3 f5 25. gxf6 Nxf6 26. Bxf6 Rxf6 27. Rb3 Bxg4 28. hxg4 Qe4 29. Rh3 Qxg4 30. Qh1 h5 31. Ne5 Rf2+ 32. Kc1 Qe6 33. Qg1 Rf6 34. Rxh5 Rf1+ 35. Qxf1 gxh5 36. Qg2+ Kh7 37. Rb7+ Be7 38. Qg5 Re8 1-0